00749nam a2200205Ia 4500003000900000008004100009020001400050040001600064080002300080100001800103245017200121260004400293300001000337490006200347650004100409650002700450650002700477700001900504700002000523IN-BaIIA211028s9999 xx 000 0 eng d a0078-6950 cIIA Library a083.8:524.383bBAT aBatten, A. H. 0aEighth catalogue of the orbital elements of spectroscopic binary systemscA. H. Batten, J. M Fletcher and D. G. Macarthy  aCanadabNational Research Councilc1989 a317p. aPublications of Dominian Astrophysical Observatory: vl.17 aAstronomy and Astrophysics Thesaurus aBinary stars catalogue aCatalogue-Binary Stars aFletcher, J. M aMacarthy, D G.